Premier League Referees - Statistics

General Stats
  • This quiz has been taken 83 times
    78 since last reset
  • The average score is 7 of 21
Answer Stats
Referee Name % Correct
Michael Oliver
88%
Anthony Taylor
86%
Mike Dean
49%
Paul Tierney
47%
Chris Kavanagh
44%
Craig Pawson
42%
Simon Hooper
39%
Stuart Attwell
39%
David Coote
36%
Darren England
34%
John Brooks
29%
Robert Jones
27%
Andy Madley
25%
Jarrad Gillett
25%
Andre Marriner
24%
Tony Harrington
20%
Michael Salisbury
19%
Peter Bankes
15%
Graham Scott
14%
Thomas Bramall
14%
Lee Mason
10%
No matching quizzes found
Score Distribution
Percent of People with Each Score
Percentile by Number Answered
Your Score History
You have not taken this quiz since the last reset